Daylight - Harry Styles (All Lyrics) - Statistics

General Stats
  • This quiz has been taken 1,001 times
  • The average score is 198 of 246
Answer Stats
Daylight % Correct
I
99%
You
99%
you
99%
a
98%
the
97%
Chorus Daylight
96%
daylight
96%
me
95%
in
94%
to
92%
was
92%
go
91%
got
89%
Outro | Pre-Chorus If
89%
be
88%
bird
88%
blue
88%
fly
88%
would
88%
Verse 1 I'm
86%
on
86%
your
86%
so
85%
honey
83%
could
82%
spoon
82%
out
81%
Verse 2 Out
81%
sticking
81%
Dip
80%
roof
80%
You're
80%
you're
80%
for
79%
life
79%
nose
79%
there
79%
time
79%
all
78%
bleedin'
78%
airplane
77%
kitchen
76%
now
76%
were
76%
We're
76%
my
74%
just
73%
listen
73%
Looking
73%
never
73%
seat
71%
You'd
70%
cursing
69%
times
69%
cocaine
68%
doing
68%
by
67%
calling
67%
hope
67%
horoscope
67%
missing
67%
Readin'
67%
New
65%
at
64%
of
64%
York
64%
Ain't
60%
ain't
60%
Ooh
60%
ooh
60%
antidote
58%
right
56%
sleep
56%
til
56%
bicycles
55%
gonna
55%
down
52%
I'll
48%
come
46%
There's
46%
take
44%
You've
44%
Saying
41%
please
40%
one
38%
speed
38%
Get
34%
middle
34%
picture
33%
cut
32%
No matching quizzes found
Score Distribution
Percent of People with Each Score
Percentile by Number Answered
Your Score History
You have not taken this quiz